Drake Songs - Sudden Death - Statistics

General Stats
  • This quiz has been taken 1,098 times
  • The average score is 11 of 16
Answers on the Grid
Answers color-coded by a green-red scale on the quiz's grid according to % correct below.
Family Matters
Work
God's Plan
m.A.A.d city
good kid
Nokia
meet the grahams
Push Ups
Gwan Gwan Delilah
Not Like Us
Love Game
Somebody Save Me
Passionfruit
Temporary
One Dance
Amityville
First Person Shooter
In The End
Meet Your Padre
Hotline Bling
Iridescent
What I've Done
MIA
In My Feelings
Numb
let go my hand
Best I Ever Had
4 Your Eyez Only
Too Good
No Role Modelz
Poetic Justice
cLOUDs
 
Answer Stats
Answer % Correct
God's Plan
96%
Nokia
88%
Family Matters
84%
Hotline Bling
77%
Passionfruit
77%
One Dance
76%
Push Ups
71%
In My Feelings
70%
First Person Shooter
68%
Best I Ever Had
67%
Work
64%
Meet Your Padre
63%
Too Good
48%
MIA
39%
Gwan Gwan Delilah
38%
Poetic Justice
37%
No matching quizzes found
Score Distribution
Percent of People with Each Score
Percentile by Number Answered
Your Score History
You have not taken this quiz